[Event "Olympiad Women 2024"]
[Site "Budapest HUN"]
[Date "2024.09.19"]
[Round "8.51"]
[Board "4"]
[White "Takali Milly"]
[Black "Liang, Liyun"]
[Result "1-0"]
[WhiteElo "1707"]
[BlackElo "1463"]
[PlyCount "91"]
[EventDate "2024.09.11"]
[WhiteTeam "Uganda"]
[BlackTeam "Hong Kong, China"]
[WhiteTeamCountry "UGA"]

1. d4 d5 2. Bf4 e6 3. Nf3 Nf6 4. e3 b6 5. Bd3 Bb7 6. Nbd2 c5 ({RR} 6... Bd6 7. c3 O-O 8. Qb1 Bxf4 9. exf4 c5 10. O-O Nc6 11. a3 Qd6 12. g3 Rfe8 13. Re1 Re7 14. Qd1 g6 15. Qe2 Rc8 16. Rad1 cxd4 17. Nxd4 Qb8 18. Nxc6 Bxc6 19. Bb5 Bxb5 20. Qxb5 Ne8 21. Nf3 {½-½ Kovacevic,S (2415)-Campora,D (2534) Dos Hermanas op 2000 (5)}) 7. c3 Bd6 ({RR} 7... a6 8. a4 Nc6 9. O-O Ne7 10. h3 Ng6 11. Bh2 Bd6 12. Ne5 Qc7 13. Bxg6 hxg6 14. Ndf3 Ne4 15. Rc1 Rc8 16. Nd3 Bxh2+ 17. Nxh2 g5 18. f4 f6 19. Rf3 Ke7 20. Nf2 cxd4 21. exd4 gxf4 22. Nd3 {0-1 Mayor Viera,A (1581)-Blanco Garcia Bajo,D (2004) 16th Montalvo Mem 2024 (1.38)}) 8. Ne5 Qc7 $146 ({RR} 8... O-O 9. g4 Ne4 10. Qf3 Nxd2 11. Kxd2 Bxe5 12. Bxe5 f6 13. Qh3 h6 14. g5 fxe5 15. Qxe6+ Kh8 16. Qg6 e4 17. gxh6 Qf6 18. hxg7+ Qxg7 19. Qh5+ Qh7 20. Qe5+ Qg7 {½-½ Vastrukhin,O (2387)-Tikhomirov,S (2191) Cherkessk 2007 (2)}) ({RR} 8... O-O 9. Qf3 Qe7 10. O-O Nbd7 11. Rfe1 Rfb8 12. e4 dxe4 13. Nxe4 Bxe5 14. dxe5 Nxe4 15. Bxe4 Bxe4 16. Qxe4 b5 17. Red1 Nb6 18. b3 Nd5 19. Bd2 Qc7 20. c4 bxc4 21. bxc4 Ne7 22. Rab1 Nf5 23. Bc3 {½-½ Schmidt,J (1632)-Soelter,T Lueneburg distr-ch Haupt 2017 (1)}) ({RR} 8... O-O 9. Qf3 Qc7 10. g4 Nfd7 11. Qh3 g6 12. Bh6 Re8 13. f4 Nc6 14. Ndf3 Nf8 15. Qh4 Be7 16. Bg5 Bxg5 17. Qxg5 Qe7 18. Qxe7 Rxe7 19. g5 Kg7 20. Kd2 c4 21. Bc2 b5 22. h4 a5 23. h5 {1-0 Baraba,M-Krause,H Baden-ch HT1 1994 (4)}) 9. g4 Nbd7 10. g5 Ne4 11. Bb5 O-O-O 12. Bxd7+ Rxd7 13. Nxd7 Qxd7 14. Nxe4 Bxf4 15. exf4 dxe4 16. dxc5 Qc7 17. Qd6 bxc5 18. Qxc7+ Kxc7 19. Rg1 g6 20. Ke2 Rb8 21. Ke3 Bd5 22. b3 a6 23. c4 Bc6 24. Rad1 Rb7 25. h4 Rb8 26. Rh1 Kb6 27. h5 Kc7 28. hxg6 hxg6 29. Rh7 Rf8 30. Rdh1 Rd8 31. Rxf7+ Kb6 32. Rh6 Rd3+ 33. Ke2 Rc3 34. Rxg6 Rc2+ 35. Ke1 Rc1+ 36. Kd2 Ra1 37. Rxe6 Rxa2+ 38. Ke3 Rb2 39. Rxc6+ Kxc6 40. Kxe4 Rxb3 41. g6 Rb1 42. g7 Rg1 43. f5 a5 44. Rf6+ Kb7 45. Rg6 Rxg6 46. fxg6 1-0

[Event "Olympiad Women 2024"]
[Site "Budapest HUN"]
[Date "2024.09.19"]
[Round "8.52"]
[Board "1"]
[White "Henderson de La Fuente, Andrea"]
[Black "Nahed Galab"]
[Result "1-0"]
[WhiteElo "1986"]
[BlackElo "1693"]
[PlyCount "47"]
[EventDate "2024.09.11"]
[WhiteTeam "Andorra"]
[BlackTeam "Sudan"]
[WhiteTeamCountry "AND"]
[BlackTeamCountry "SUD"]

1. e4 {Bangiev,Alexander J} c5 2. Nc3 Nc6 3. Bb5 g6 4. f4 Bg7 5. Bxc6 bxc6 6. Nf3 d6 7. O-O Nf6 8. d3 O-O 9. Qe1 Qc7 ({RR} 9... c4 10. dxc4 ({RR} 10. d4 d5 ({RR} 10... c5 11. dxc5 Bb7 12. f5 Qc7 13. cxd6 exd6 14. Qh4 Rae8) 11. e5 Ne8 12. Qh4 f6 13. g4 Nc7 14. Be3 Na6 15. Rf2 Rb8) 10... Ba6 11. e5 ({RR} 11. Qe2 d5) 11... dxe5 ({RR} 11... Nd7 12. e6 Bxc4 13. exd7 Bxf1 14. Kxf1 Qxd7 15. Be3 Rab8 16. b3 c5 17. Rd1 Qc6 18. Nd5 Rb7 19. Qh4) 12. fxe5 ({RR} 12. Nxe5 Nd7 13. Qe4 Nxe5 14. fxe5 Qb6+ 15. Kh1 Qc5) 12... Ng4 ({RR} 12... Nd7 13. e6) 13. Qe4 Bc8 ({RR} 13... Qb6+ 14. Kh1 Nf2+ 15. Rxf2 Qxf2 16. Be3) 14. Kh1 ({RR} 14. c5 Bf5 15. Qe2 Qa5 16. Kh1 Qxc5 17. Bf4 Rab8) ({RR} 14. Qxc6 Be6 15. Qc5 Rc8) 14... Bf5 15. Qe2 Qb8 16. Re1 f6 ({RR} 16... Qb6 17. h3 Nh6 18. b3) 17. e6 Qb6 18. Na4 ({RR} 18. h3 Ne5 ({RR} 18... Nf2+ 19. Kh2 Qb8+ 20. Kg1 Nxh3+ 21. gxh3 Bxh3 22. Qh2 Bg4 23. Qxb8 Raxb8 24. Nd4 Rfc8) 19. b3 Bxe6) 18... Nf2+ 19. Kg1 Nh3+ 20. Kh1 ({RR} 20. Kf1 Qa5 21. Nc3 Ng5 22. Nd4) 20... Nf2+ 21. Kg1 Nh3+ 22. Kh1 {½-½ Fressinet,L (2501)-De Vreugt,D (2498) Lausanne YM 2000 (2.2)}) 10. Qh4 Rb8 ({RR} 10... c4 11. f5 cxd3 12. cxd3 Ba6 13. Bh6 Qb6+ 14. Kh1 Bxh6 15. Qxh6 Ng4 16. Qh4 Ne3 17. Rf2 Ng4 18. Rd2 Nf6 19. d4 Rad8 20. Rad1 c5 21. Nd5 Nxd5 22. exd5 Kg7 23. Qxe7 Rde8 24. Qh4 f6 25. dxc5 {1-0 Hanak,T (2043)-Pelc,A (1902) 6th Bohumin Open 2023 (5.21)}) 11. f5 $146 ({RR} 11. h3 e6 12. e5 dxe5 13. fxe5 Nd7 14. Bh6 Nxe5 15. Nxe5 Qxe5 16. Rae1 Qd4+ 17. Qxd4 cxd4 18. Bxg7 Kxg7 19. Na4 f6 20. b3 e5 21. Nc5 Rb5 22. Ne4 Rd5 23. Re2 f5 24. Ref2 Re8 25. Nd2 e4 {0-1 Mithran,M-Aslan,C Wch U10 Girls 2007 (11)}) ({RR} 11. Rb1 Ne8 12. Be3 f5 13. e5 dxe5 14. Bxc5 Bf6 15. Qf2 exf4 16. Bxa7 Rb7 17. Bc5 Qb8 18. Na4 Bxb2 19. c3 Bxc3 20. Nxc3 Rxb1 21. Rxb1 Qc7 22. Qd4 Nf6 23. Qc4+ Kg7 24. Bd4 Bd7 25. Qc5 Re8 {1-0 Jahn,C (2152)-Higgelke,A (2010) BL 1011 (Women) 2010 (8.6)}) ({RR} 11. Rb1 Ne8 12. f5 Bxc3 13. Ng5 Bd4+ 14. Kh1 h5 15. fxg6 fxg6 16. Rxf8+ Kxf8 17. Nh7+ Kg7 18. Qf4 Kxh7 19. Qh6+ Kg8 20. Qxg6+ Ng7 21. Bh6 Bd7 22. Rf1 Rf8 23. Rxf8+ Kxf8 24. Qh7 Qc8 {0-1 Moreno Mateos,J-Bodach,H Calvia U2000 opA 2004 (7)}) 11... a5 12. Bh6 Rxb2 13. Ng5 e6 14. e5 dxe5 15. Nce4 Nh5 16. Bxg7 Kxg7 17. f6+ Kg8 18. g4 Qa7 19. c4 Qd7 20. gxh5 Kh8 21. hxg6 fxg6 22. Qh6 Rf7 23. Nxf7+ Qxf7 24. Ng5 1-0

[Event "Olympiad Women 2024"]
[Site "Budapest HUN"]
[Date "2024.09.19"]
[Round "8.52"]
[Board "2"]
[White "Sabreen Oraby"]
[Black "De la Riva Real, Ariadna"]
[Result "1-0"]
[WhiteElo "1812"]
[BlackElo "1823"]
[PlyCount "79"]
[EventDate "2024.09.11"]
[WhiteTeam "Sudan"]
[BlackTeam "Andorra"]
[WhiteTeamCountry "SUD"]
[BlackTeamCountry "AND"]

1. c4 e5 2. g3 Nc6 3. Bg2 f5 4. Nc3 Nf6 5. e3 d6 6. Nge2 g6 7. d4 Bg7 8. b4 O-O ({RR} 8... e4 9. b5 Ne7 10. O-O O-O 11. a4 Be6 12. Qb3 Bf7 13. a5 a6 14. bxa6 bxa6 15. Qa4 Qd7 16. f3 exf3 17. Bxf3 Rab8 18. Nf4 c5 19. dxc5 dxc5 20. Ncd5 Qa7 21. Ra2 Ne4 22. Bxe4 fxe4 23. Raf2 {1-0 Andreikin,D (2700)-Carlsen,M (2837) Wch Blitz 6th 2012 (1)}) 9. b5 Ne7 10. Ba3 ({RR} 10. a4 Qe8 11. Ba3 exd4 12. exd4 f4 13. O-O Nh5 14. Qd3 Qf7 15. Nd5 Nxd5 16. Bxd5 Be6 17. Bxe6 Qxe6 18. f3 Rae8 19. Rf2 Qh3 20. g4 Re3 21. Qd1 Rxf3 22. Rxf3 Qxf3 23. gxh5 Re8 24. Ra2 Qe3+ {0-1 Sucikova,S (2249)-Toma,K (2254) 4NCL 2022-23 (11.1)}) 10... e4 11. Nf4 $146 ({RR} 11. h4 Be6 12. d5 Bf7 13. Nf4 a6 14. Bb2 axb5 15. Nxb5 Nfxd5 16. Bxg7 Nxf4 17. gxf4 Kxg7 18. Qd4+ Kg8 19. h5 gxh5 20. Rg1 Bg6 21. Bf1 Nc6 22. Qb2 Rc8 23. c5 Qf6 24. Qxf6 Rxf6 25. cxd6 cxd6 {½-½ Arkell,K (2462)-Cox,J (2387) Uxbridge Morphy 2010 (7)}) 11... Qe8 12. h4 a6 13. Qb3 Qf7 14. bxa6 Rxa6 15. Nb5 Nc6 16. Rc1 Rd8 17. Qc3 d5 18. Bf1 Bf8 19. Bxf8 Kxf8 20. cxd5 Nxd5 21. Nxd5 Rxd5 22. Bc4 Be6 23. Bxd5 Bxd5 24. Qc5+ Kg7 25. Nxc7 Qxc7 26. Qxd5 Qe7 27. Rb1 Nb4 28. Qb3 Nd3+ 29. Ke2 Ra3 30. Qc4 Qd7 31. Rb6 Ra4 32. Qc2 Nb4 33. Qb3 Rxa2+ 34. Kf1 Ra1+ 35. Kg2 Rxh1 36. Kxh1 f4 37. Qxb4 Qh3+ 38. Kg1 f3 39. Rxb7+ Kg8 40. Qc4+ 1-0

[Event "Olympiad Women 2024"]
[Site "Budapest HUN"]
[Date "2024.09.19"]
[Round "8.52"]
[Board "3"]
[White "Muratet Carmona, Julia"]
[Black "Rawan Mansor"]
[Result "1-0"]
[WhiteElo "1816"]
[BlackElo "1717"]
[PlyCount "101"]
[EventDate "2024.09.11"]
[WhiteTeam "Andorra"]
[BlackTeam "Sudan"]
[WhiteTeamCountry "AND"]
[BlackTeamCountry "SUD"]

1. c4 e5 2. Nc3 Nf6 3. e4 Nc6 4. g3 a6 5. Bg2 Bc5 6. Nge2 d6 7. h3 ({RR} 7. O-O O-O 8. d3 Rb8 9. b3 Nd4 10. h3 b5 11. Bb2 Be6 12. Rb1 c6 13. Kh2 d5 14. exd5 cxd5 15. cxb5 axb5 16. Nxd4 Bxd4 17. Ne2 Bxb2 18. Rxb2 d4 19. Qd2 Bd5 20. Rc1 Bxg2 21. Kxg2 b4 {0-1 Fan,W (1485)-Putri,R (1932) Asian Rapid Teams 2024 (2.18)}) 7... Be6 8. d3 h6 9. Be3 Bxe3 $146 ({RR} 9... Ba7 10. Qd2 Nd7 11. g4 Ne7 12. f4 exf4 13. Bxa7 Rxa7 14. Nxf4 Ne5 15. b3 N5g6 16. Nh5 Rg8 17. d4 Nh4 18. d5 Bd7 19. O-O Ra8 20. Qf2 f6 21. Qxh4 Ng6 22. Qg3 Qe7 23. Ne2 Ne5 24. Nd4 {1-0 Oldenhuis,L-Marx,G Hengelo U20 op 1996 (8)}) 10. fxe3 Nh5 11. Kd2 Qg5 12. g4 Nf6 13. Nd5 O-O-O 14. Ng3 h5 15. Nxf6 Qxf6 16. Nxh5 Qg5 17. Qf3 Nd4 18. Qf2 Rh7 19. Kc3 Nc6 20. b4 f5 21. exf5 Bxf5 22. Qxf5+ Qxf5 23. gxf5 Rxh5 24. Bxc6 bxc6 25. Raf1 Rdh8 26. Rf3 Rf8 27. e4 Kd7 28. Rg1 Rh7 29. Rfg3 Rf7 30. d4 Ke7 31. dxe5 dxe5 32. c5 Kf8 33. Rd1 Ke8 34. Rgd3 Rh4 35. Re3 Rf6 36. Rg1 Kf7 37. Kb3 g6 38. fxg6+ Rxg6 39. Rxg6 Kxg6 40. Ka4 Kg5 41. Ka5 Kf4 42. Rc3 Rh8 43. Kxa6 Kxe4 44. Kb7 Kd4 45. Rg3 e4 46. Kxc6 Rh7 47. a4 e3 48. a5 Rf7 49. Rxe3 Kxe3 50. a6 Rf6+ 51. Kb7 1-0

[Event "Olympiad Women 2024"]
[Site "Budapest HUN"]
[Date "2024.09.19"]
[Round "8.52"]
[Board "4"]
[White "Elizabeth  Tanyous"]
[Black "Muratet Carmona, Alexandra"]
[Result "0-1"]
[WhiteElo "1530"]
[BlackElo "1796"]
[PlyCount "82"]
[EventDate "2024.09.11"]
[WhiteTeam "Sudan"]
[BlackTeam "Andorra"]
[WhiteTeamCountry "SUD"]
[BlackTeamCountry "AND"]

1. e4 c5 2. Nf3 e6 3. c4 Nc6 4. Nc3 b6 5. d4 ({RR} 5. Be2 Bb7 6. O-O a6 7. d4 cxd4 8. Nxd4 Qc7 9. Be3 Nf6 10. Rc1 Qe5 11. f4 Qb8 12. e5 Nxe5 13. fxe5 Qxe5 14. Bf4 Qc5 15. Kh1 e5 16. Nb3 Qc7 17. Nd5 Nxd5 18. cxd5 Qd6 19. Bg3 Bxd5 {1-0 Marchesich,G (2217)-Florescu,C (2245) Titled Tue 7th Feb Early 2023 (2)}) 5... cxd4 6. Nxd4 Bb7 7. Nxc6 ({RR} 7. Be2 a6 8. O-O Qc7 9. Be3 Nf6 10. Rc1 Be7 11. Nd5 exd5 12. cxd5 O-O 13. Nf5 Rfe8 14. Nxe7+ Rxe7 15. d6 Qd8 16. dxe7 Qxe7 17. Bxb6 Nxe4 18. Bf3 Ne5 19. Bxe4 Bxe4 20. f3 Bc6 21. Bd4 Ng6 {0-1 Milov,V (2676)-Jussupow,A (2583) EU-ch blitz Ajaccio 2007 (25)}) 7... dxc6 $146 ({RR} 7... Bxc6 8. Bd3 Bb4 9. O-O Bxc3 10. bxc3 d6 11. Be3 Nf6 12. Re1 Qc7 13. f4 Nd7 14. Qg4 g6 15. Qh4 Bb7 16. Red1 Nc5 17. Bc2 O-O 18. f5 Qd8 19. f6 h6 20. Rxd6 g5 21. Qxh6 {1-0 Smolskiy,M (2080)-Kazakov,N (1862) RUS-Cup sf 09 2005 (6)}) ({RR} 7... Bxc6 8. Bd3 Qb8 9. O-O Bd6 10. f4 Bc5+ 11. Kh1 Ne7 12. Bc2 O-O 13. a3 Ng6 14. b4 Bd6 15. e5 Be7 16. Be3 d6 17. Qh5 Qc7 18. exd6 Bxd6 19. Rac1 Rad8 20. Ne4 Bxe4 21. Bxe4 f5 22. Bb1 {1-0 Gallagher,J (2441)-Roux,B (2168) Mitropa Cup Corte 2022 (6.3)}) 8. Bd3 Qf6 9. O-O Rd8 10. Be3 e5 11. Qd2 Be7 12. a3 Qg6 13. Qc2 Nf6 14. Ne2 Ng4 15. Ng3 Nxe3 16. fxe3 O-O 17. b4 c5 18. b5 Rd7 19. Rad1 Bg5 20. Rf3 Rfd8 21. Kh1 h5 22. Nf5 h4 23. Rh3 Qf6 24. Be2 Rxd1+ 25. Bxd1 g6 26. Rf3 gxf5 27. Rf1 Bxe4 28. Qa2 Bxe3 29. Bf3 Bxf3 30. gxf3 Rd2 31. Rg1+ Kf8 32. Qb3 Bxg1 33. Qc3 Qd6 34. f4 Rxh2+ 35. Kxg1 Qd4+ 36. Qxd4 exd4 37. a4 d3 38. Kf1 d2 39. Kg1 d1=Q+ 40. Kxh2 Qf3 41. a5 h3 0-1

[Event "Olympiad Women 2024"]
[Site "Budapest HUN"]
[Date "2024.09.19"]
[Round "8.53"]
[Board "2"]
[White "Makwena, Christine"]
[Black "Bantiwalu, Aster"]
[Result "1-0"]
[WhiteElo "1860"]
[BlackElo "1704"]
[PlyCount "75"]
[EventDate "2024.09.11"]
[WhiteTeam "Zimbabwe"]
[BlackTeam "Ethiopia"]
[WhiteTeamCountry "ZIM"]
[BlackTeamCountry "ETH"]

1. e4 e5 2. Nf3 Nc6 3. d4 exd4 4. Bc4 Bb4+ 5. c3 dxc3 6. bxc3 Ba5 7. O-O Nge7 ({RR} 7... d6 8. Qb3 Qe7 9. Re1 Bb6 10. e5 Nxe5 11. Nxe5 dxe5 12. Ba3 c5 13. Bb5+ Kf8 14. c4 Nf6 15. Bb2 Bc7 16. f4 e4 17. Nc3 Bf5 18. Ne2 h5 19. Ng3 Bg6 20. Rad1 Bxf4 21. Bxf6 gxf6 22. Rd7 {0-1 Tomilova,E (2229)-Malicheva,P (2349) RUS-ch 1L (Women) 54th 2004 (6)}) 8. Ng5 Ne5 9. Bb3 ({RR} 9. Bxf7+ Nxf7 10. Nxf7 Kxf7 11. Qh5+ g6 12. Qxa5 b6 13. Qg5 Rf8 14. Bb2 d5 15. Rd1 Kg8 16. c4 Qd6 17. cxd5 Qf4 18. Qxf4 Rxf4 19. f3 Ba6 20. Nd2 Rd8 21. Nb3 Nc8 22. Nd4 Rf7 23. Rac1 Nd6 {1-0 Luhinin,M (1399)-Dmukhovskaya,E (1142) Minsk Open 2023 (2.66)}) 9... h6 10. Nxf7 $146 ({RR} 10. f4 Bb6+ 11. Kh1 hxg5 12. fxe5 O-O 13. Bxg5 d6 14. exd6 cxd6 15. Qh5 Be6 16. Qh4 Re8 17. Bxe6 fxe6 18. Rf3 Qd7 19. Rh3 Qa4 20. Nd2 Nf5 21. Qh7+ Kf8 22. exf5 Qg4 23. Qg6 {1-0 Loiterstein,M (2275)-Lopez Paz,N Mar del Plata op 1992 (4)}) ({RR} 10. f4 hxg5 11. fxe5 d6 12. Bxf7+ Kd7 13. Qa4+ Nc6 14. e6+ Ke7 15. Bxg5+ Kf8 16. Bxd8 Bb6+ 17. Kh1 a6 18. e7+ Nxe7 19. Qe8# {1-0 Sanders,C-Lacourt,F NED-ch U15 Girls 2010 (1)}) 10... Nxf7 11. Bxf7+ Kxf7 12. Qh5+ Kg8 13. Qxa5 Kh7 14. Bb2 d6 15. c4 Nc6 16. Qc3 Qe7 17. Nd2 Bd7 18. f4 Raf8 19. Rae1 Rf7 20. e5 dxe5 21. fxe5 Rhf8 22. Ba3 Rxf1+ 23. Nxf1 Qf7 24. Bxf8 Qxf8 25. e6 Be8 26. Ng3 Bg6 27. Qe3 Qe7 28. a3 a6 29. Ne2 Qh4 30. Nf4 Be8 31. Qe4+ Kg8 32. g3 Qg5 33. Nd5 Bg6 34. Qe3 Qg4 35. e7 Qxc4 36. e8=Q+ Bxe8 37. Qxe8+ Kh7 38. Qe4+ 1-0

[Event "Olympiad Women 2024"]
[Site "Budapest HUN"]
[Date "2024.09.19"]
[Round "8.54"]
[Board "1"]
[White "Sakai, Azumi"]
[Black "Lyons, Kieran"]
[Result "1-0"]
[WhiteElo "1871"]
[BlackElo "1818"]
[PlyCount "71"]
[EventDate "2024.09.11"]
[WhiteTeam "Japan"]
[BlackTeam "Fiji"]
[WhiteTeamCountry "JPN"]
[BlackTeamCountry "FIJ"]

1. d4 f5 2. c4 e6 3. Nf3 Nf6 4. g3 b6 5. Bg2 Bb7 6. O-O a5 7. a3 Na6 8. Nc3 Be7 9. d5 Nc5 10. Nd4 O-O 11. Bf4 $146 ({RR} 11. b3 Nfe4 12. Nxe4 fxe4 13. dxe6 dxe6 14. Rb1 Bf6 15. Be3 Qe7 16. Qc2 Rfd8 17. Nb5 e5 18. Bxc5 Qxc5 19. b4 Qc6 20. Rfe1 Rd7 21. Qb3 Qe6 22. Nc3 Rd4 23. Nb5 Rd7 24. Nc3 Bg5 25. Rbd1 axb4 {0-1 Horvath,M (2039)-Sargac,R (2242) EU-chT (Women) 15th 2005 (8)}) 11... Nh5 12. e3 Nf6 13. Ncb5 d6 14. dxe6 Bxg2 15. Kxg2 Qc8 16. Nxf5 Re8 17. Nxe7+ Rxe7 18. Bg5 Qxe6 19. Bxf6 Qxf6 20. Qd5+ Kf8 21. Qxa8+ Kf7 22. Qd5+ Kf8 23. b4 Nb3 24. Rad1 g6 25. c5 dxc5 26. bxc5 Nxc5 27. Qf3 Qxf3+ 28. Kxf3 Kf7 29. Rd4 Ke6 30. Rfd1 Ke5 31. Rd5+ Kf6 32. Nc3 h5 33. Rxc5 bxc5 34. Nd5+ Ke6 35. Nxe7 Kxe7 36. Ke4 1-0

[Event "Olympiad Women 2024"]
[Site "Budapest HUN"]
[Date "2024.09.19"]
[Round "8.54"]
[Board "2"]
[White "Sukhu, Gloria"]
[Black "Shibata, Misaki"]
[Result "0-1"]
[WhiteElo "1634"]
[BlackElo "1847"]
[PlyCount "58"]
[EventDate "2024.09.11"]
[WhiteTeam "Fiji"]
[BlackTeam "Japan"]
[WhiteTeamCountry "FIJ"]
[BlackTeamCountry "JPN"]

1. e4 e6 2. c4 d5 3. cxd5 exd5 4. e5 c5 5. Nf3 ({RR} 5. Bb5+ Nc6 6. Bxc6+ bxc6 7. Nf3 Ba6 8. Nc3 Bd3 9. Ne2 g5 10. O-O Bg7 11. Ne1 Ba6 12. d3 Bxe5 13. f4 gxf4 14. Nf3 Bd6 15. Nxf4 Qd7 16. Qa4 Bb5 17. Qa5 Qc7 18. Qc3 d4 19. Qe1+ Qe7 {0-1 Nolte,R (2488)-Sadorra,J (2439) Dapitan 2009 (7)}) 5... Nc6 6. d4 ({RR} 6. Bb5 Bg4 7. O-O Qb6 8. Bxc6+ bxc6 9. h3 Bh5 10. Re1 Ne7 11. e6 f6 12. d3 O-O-O 13. Nbd2 g5 14. b4 cxb4 15. Bb2 Bg7 16. a3 g4 17. hxg4 Bxg4 18. axb4 Nf5 19. Qa4 Kb7 20. b5 Bxf3 {1-0 Gryshko,V (2294)-Topalov,A (2233) Titled Tue 2nd Jan Early 2024 (11)}) 6... cxd4 7. Bb5 $146 ({RR} 7. Bd3 Nge7 8. Bg5 Qa5+ 9. Bd2 Qb6 10. Na3 a6 11. Nc2 g6 12. O-O Bg7 13. Bg5 O-O 14. Rb1 Re8 15. Re1 Bf5 16. Bxe7 Bxd3 17. Qxd3 Rxe7 18. Ncxd4 Nxd4 19. Nxd4 Rxe5 20. Rxe5 Bxe5 21. Nf3 Qd6 {1-0 Faccia,S (2054)-Scotti,M (2068) Basso Veronese 2nd 2009 (5)}) ({RR} 7. Nxd4 Nxe5 8. Be2 Nf6 9. O-O Be7 10. Nc3 O-O 11. Bf4 Ng6 12. Bg3 a6 13. Rc1 Bd6 14. Bf3 Bxg3 15. fxg3 Ne7 16. Kh1 Nc6 17. a3 Qd6 18. Nde2 Be6 19. Nf4 Rad8 20. Rc2 d4 21. Nxe6 Qxe6 {½-½ Schilling,F-Scherfke,M Berlin Unicorn op 2002 (3)}) 7... Qa5+ 8. Nc3 dxc3 9. Bxc6+ bxc6 10. b3 c2+ 11. Qd2 Bb4 12. O-O Bxd2 13. Bxd2 Qc7 14. Rac1 Ne7 15. Rxc2 O-O 16. Re1 Bb7 17. Nd4 Qd7 18. Bb4 Rfe8 19. e6 fxe6 20. Nxe6 Ng6 21. Nc5 Rxe1+ 22. Bxe1 Qf7 23. Nxb7 Qxb7 24. g3 d4 25. Rc5 Qb6 26. b4 Re8 27. Bd2 Re2 28. Rc2 d3 29. Rb2 Qxf2+ 0-1

[Event "Olympiad Women 2024"]
[Site "Budapest HUN"]
[Date "2024.09.19"]
[Round "8.54"]
[Board "3"]
[White "Mitsuyama, Rikka"]
[Black "Prasad, Tanvi"]
[Result "1-0"]
[WhiteElo "1738"]
[BlackElo "1564"]
[PlyCount "39"]
[EventDate "2024.09.11"]
[WhiteTeam "Japan"]
[BlackTeam "Fiji"]
[WhiteTeamCountry "JPN"]
[BlackTeamCountry "FIJ"]

1. d4 b6 2. e4 Bb7 3. Bd3 e6 4. Nf3 Nf6 5. e5 Nd5 6. a3 ({RR} 6. c4 Nb4 7. Be2 d5 8. a3 N4c6 9. cxd5 Qxd5 10. Nc3 Qd7 11. Be3 Ne7 12. Rc1 Nbc6 13. O-O a6 14. Qc2 Rc8 15. Rfd1 Nb8 16. Ng5 Nf5 17. Bf3 c6 18. Na4 Qd8 19. Ne4 Nxe3 20. fxe3 Nd7 {½-½ Stanojoski,Z (2504)-Popov,V (2396) FRM CupT 15th 2007 (5)}) 6... c5 ({RR} 6... d6 7. O-O c5 8. dxc5 dxc5 9. Qe2 Nc6 10. Rd1 Qc7 11. c4 Nde7 12. Nc3 a6 13. Be4 Ng6 14. Bg5 Be7 15. Bxe7 Qxe7 16. Nd5 exd5 17. cxd5 Ncxe5 18. d6 Nxf3+ 19. gxf3 Qe5 20. d7+ Ke7 21. Qc4 {0-1 Enkhbat,T (2085)-Aldar,B (1710) Ulaanbaatar Mica op 2nd 2022 (5)}) 7. Be4 Qc7 $146 ({RR} 7... cxd4 8. Nxd4 Qh4 9. Qf3 Bc5 10. g3 Qd8 11. Nf5 exf5 12. Bxd5 Bxd5 13. Qxd5 Nc6 14. c3 O-O 15. b4 Re8 16. Bf4 Bf8 17. O-O g5 18. Be3 Rxe5 19. Qd2 Bh6 20. f4 gxf4 21. Bxf4 Bxf4 22. Qxf4 {½-½ Revesz,Z (2074)-Varga,L (2207) HUN-chT3 0102 2001 (5.3)}) ({RR} 7... Ne3 8. Qd3 Bxe4 9. Qxe4 Nd5 10. c4 Nc7 11. d5 exd5 12. cxd5 Nba6 13. Nc3 h6 14. Nh4 Rb8 15. Nf5 Na8 16. Nb5 g6 17. Nh4 Rg8 18. Nd6+ Bxd6 19. exd6+ Kf8 20. Bxh6+ Rg7 21. Qe5 f6 22. Qe4 {1-0 Kudina,I (2169)-Trotsenko,E (2071) RUS-ch 1L (Women) 2000 (8)}) ({RR} 7... c4 8. Qe2 b5 9. Bd2 a6 10. Nc3 Nxc3 11. Bxc3 Qc7 12. Rd1 Bd5 13. O-O Nc6 14. Ng5 h6 15. Nh3 g5 16. f4 Bxe4 17. Qxe4 g4 18. Nf2 h5 19. d5 exd5 20. Rxd5 O-O-O 21. Rfd1 Rg8 22. Qh7 {1-0 Atabayeva,O (1975)-Mendoza Acuna,S Olympiad Women-40 2012 (5.4)}) 8. c4 Ne7 9. Nc3 Bxe4 10. Nxe4 Ng6 11. O-O cxd4 12. Nxd4 Qxe5 13. Re1 Qc7 14. Qf3 Nc6 15. Ng5 Nge5 16. Rxe5 Qxe5 17. Qxf7+ Kd8 18. Nxc6+ dxc6 19. Nxe6+ Kc8 20. Bf4 1-0

[Event "Olympiad Women 2024"]
[Site "Budapest HUN"]
[Date "2024.09.19"]
[Round "8.54"]
[Board "4"]
[White "Sukhu, Makayla"]
[Black "Takayasu, Melody"]
[Result "0-1"]
[WhiteElo "1521"]
[BlackElo "1768"]
[PlyCount "136"]
[EventDate "2024.09.11"]
[WhiteTeam "Fiji"]
[BlackTeam "Japan"]
[WhiteTeamCountry "FIJ"]
[BlackTeamCountry "JPN"]

1. d4 Nf6 2. Nc3 g6 3. Nf3 Bg7 4. Bf4 Nh5 ({RR} 4... c5 5. d5 O-O 6. e4 d6 7. a4 Bg4 8. Be2 Nbd7 9. O-O a6 10. h3 Bxf3 11. Bxf3 Ne5 12. Be2 e6 13. dxe6 fxe6 14. Qd2 Qe7 15. Be3 Rad8 16. f4 Nc6 17. Rae1 Kh8 18. Bf3 Nb4 19. Qf2 {½-½ Moskalenko,A (2517)-Korchmar,V (2424) Titled Tuesday intern op 2nd Oct blitz 2018 (7)}) 5. g3 $146 ({RR} 5. Bg3 f5 6. h3 Nxg3 7. fxg3 c6 8. e3 Qc7 9. Ne2 d6 10. c3 e5 11. Qb3 Qe7 12. Rd1 Be6 13. Qa3 e4 14. Nd2 Nd7 15. Nf4 Bf7 16. Bc4 d5 17. Qxe7+ Kxe7 18. Bb3 Nf6 19. Kf2 g5 {½-½ Brkic,V-Eggmann,K Zuerich Seniors op 06th 2008}) ({RR} 5. Be5 Nf6 6. e4 d6 7. Bg3 Nh5 8. Bc4 Nxg3 9. hxg3 O-O 10. O-O Nc6 11. d5 Ne5 12. Be2 f5 13. Nd4 fxe4 14. Nxe4 Bd7 15. Ng5 Rf6 16. f4 Nf7 17. Ne4 Qf8 18. c3 Re8 19. Bg4 Bxg4 {0-1 Boldoo,E (2375)-Coelho,R (1981) Titled Tue 11th Jul Late 2023 (1)}) ({RR} 5. Qd2 Nxf4 6. Qxf4 O-O 7. h4 h6 8. e3 c5 9. Ne4 cxd4 10. exd4 Qa5+ 11. c3 d6 12. Bd3 Bf5 13. h5 e5 14. dxe5 dxe5 15. Qe3 Qb6 16. Qxb6 axb6 17. Nh4 Be6 18. hxg6 Rxa2 19. Rxa2 Bxa2 {1-0 Szabo,G (2284)-Foldi,I (2376) HUN-chT2 Maroczy 0001 2000 (3)}) ({RR} 5. Bg5 h6 6. Bh4 g5 7. Bg3 Nxg3 8. hxg3 c5 9. e3 cxd4 10. Nxd4 d6 11. Bc4 Nc6 12. Qf3 Ne5 13. Bb5+ Kf8 14. Qe2 a6 15. Bd3 Nxd3+ 16. cxd3 e5 17. Nb3 Be6 18. e4 Rc8 19. Nd5 Bxd5 {0-1 Mitchell,R (1678)-Jackson,L (1951) North Island-ch 2011 (6)}) 5... Nxf4 6. gxf4 b6 7. Bg2 Bb7 8. e4 d6 9. Qd2 Nd7 10. O-O O-O 11. e5 e6 12. Rad1 d5 13. b3 Rc8 14. a4 c5 15. Nb5 Ba6 16. Rfe1 Bxb5 17. axb5 c4 18. Qb4 cxb3 19. Qxb3 Qc7 20. Rd2 Qc4 21. Qxc4 Rxc4 22. Rb1 Rfc8 23. Ne1 Bh6 24. Rd3 Bxf4 25. Ra3 R8c7 26. Rba1 Bd2 27. Nf3 Ba5 28. R1a2 Rxc2 29. Rxc2 Rxc2 30. Ra1 Kg7 31. Bh3 h6 32. Ne1 Bxe1 33. Rxe1 Rb2 34. Bf1 Rb4 35. Rd1 f6 36. Rc1 Kf8 37. Rc8+ Ke7 38. Rc7 Kd8 39. Rxa7 fxe5 40. dxe5 Nxe5 41. Rh7 h5 42. h3 Rf4 43. Be2 Rf7 44. Rxf7 Nxf7 45. Kg2 Ke7 46. h4 e5 47. Kf3 g5 48. Kg3 g4 49. f3 Nh6 50. fxg4 Nxg4 51. Kf3 Kf6 52. Bd1 Kf5 53. Ke2 Kf4 54. Kd2 Kg3 55. Kd3 Kxh4 56. Bb3 Nf6 57. Ke3 Kg3 58. Ke2 Kg2 59. Bc2 h4 60. Bf5 h3 61. Bxh3+ Kxh3 62. Ke3 Kg3 63. Kd3 Kf2 64. Kd2 e4 65. Kc3 e3 66. Kd4 e2 67. Ke5 e1=Q+ 68. Kxf6 d4 0-1